| 000 | 00625nam a2200181 a 4500 | ||
|---|---|---|---|
| 008 | 060316s1972 ||||||||||||||||| || u | ||
| 020 | _a0672208849 | ||
| 050 | _aTK 7878 Tur | ||
| 100 | _aTurner, Rufus P | ||
| 245 | 1 | 0 | _aABC's of electronic power, |
| 260 |
_aIndianapolis: _bHoward W. Sams _c1972 |
||
| 260 |
_aIndianapolis: _bH. W. Sams _c1972 |
||
| 300 | _a96 p.: ill. | ||
| 350 | _a0.00 | ||
| 650 | _aELECTRONIC INSTRUMENTS | ||
| 650 | _aELECTRONIC MEASUREMENTS | ||
| 995 |
_D0.00 _FCBU-MAIN LIBRARY (Kitwe) _H1 _I5.00 _UAVAILABLE _ZMain Library Open Access Collection |
||
| 999 |
_c33185 _d33185 |
||